000 00288nam a2200121Ia 4500
003 OSt
005 20230830112555.0
008 170523s9999 xx 000 0 und d
040 _cIIMT UNIVERSITY
100 _aBHALLA- V.K
245 3 _aINTERNATIONAL BUSINESS ENVIRONMENT
942 _2ddc
_c02
999 _c10298
_d10298